Triplé, quadruplé ou quintuplé en Coupe du Monde - Statistiques

Statistiques générales
  • Ce quiz a été pris 18 fois
  • Le résultat moyen est 19 sur 47
Statistiques - réponses
Hint Réponse % Correct
Portugal - Espagne 3-3 (2018 premier tour) Cristiano Ronaldo
93%
France - Argentine 3-3 ap (2-4 tab) (2022 finale) Kylian Mbappé
93%
Suisse - Honduras 5-0 (2014 premier tour) Xherdan Shaqiri
93%
Argentine - Corée du Sud 4-1 (2010 premier tour) Gonzalo Higuain
86%
Allemagne - Portugal 3-0 (2014 premier tour) Thomas Müller
86%
Angleterre - Pologne 3-0 (1986 premier tour) Gary Lineker
79%
Portugal - Suisse 6-1 (2022 premier tour) Gonçalo Ramos
79%
France - Paraguay 7-3 (1958 premier tour) et France - RFA 6-3 (quadruplé) (3ème place) Just Fontaine
79%
Allemagne - Arabie Saoudite 8-0 (2002 premier tour) Miroslav Klose
79%
Portugal - Pologne (2002 premier tour) Pedro Miguel Pauleta
79%
Portugal - Corée du Nord 5-3 (quadruplé) (1966 quart de finale) Eusebio
71%
Argentine - Grèce 4-0 (1994 premier tour) et Argentine - Jamaïque 5-0 (1998 premier tour) Gabriel Batistuta
71%
Brésil - France 5-2 (1958 demi-finale) Pelé
71%
RFA - Chili 4-1 (1982 premier tour) Karl-Heinz Rummenigge
57%
Danemark - Uruguay 6-1 (1986 premier tour) Preben Elkjaer Larsen
57%
Espagne - Danemark 5-1 (quadruplé) (1986 huitième de finale) Emilio Butragueno
50%
Angleterre - RFA 4-2 ap (1966 finale) Geoffrey Hurst
50%
RFA- Pérou 3-1 (1970 premier tour) Gerd Müller
50%
URSS - Belgique 3-4 ap (1986 huitième de finale) Igor Belanov
50%
Italie - Brésil 3-2 (1982 deuxième tour) Paolo Rossi
50%
Turquie - Corée du Sud 7-0 (1954 premier tour) Burhan Sargin
36%
Russie - Cameroun 6-1 (quintuplé) (1994 premier tour) Oleg Salenko
36%
Hongrie - Corée du Sud 9-0 et Hongrie - RFA 8-3 (quadruplé) (1954 premier tour) Sandor Kocsis
36%
Pérou - Iran 4-1 (1978 premier tour) Teofilo Cubillas
36%
Italie - Etats-Unis 7-1 (1934 huitième de finale) Angelo Schiavio
29%
Autriche - Tchécoslovaquie 5-0 (1954 premier tour) Erich Probst
29%
Suède - Cuba 8-0 (1938 huitième de finale) Harry Andersson et Gustav Wetterström
29%
Pologne - Belgique 3-0 (1982 deuxième tour) Zbigniew Boniek
29%
Etats-Unis - Paraguay 3-0 (1930 premier tour) Bert Patenaude
21%
Hongrie - Bulgarie 6-1 (1962 premier tour) Florian Albert
21%
Hongrie - Salvador 10-1 (1982 premier tour) Laszlo Kiss
21%
Brésil - Pologne 6-5 ap (1938 huitième de finale) Leônidas et Ernest Wilimowski
21%
Pays-Bas - Iran 3-0 (1978 premier tour) Rob Rensenbrick
21%
Autrice - Suisse 7-5 (1954 quart de finale) Theodor Wagner et Josef Hügi
21%
Brésil - Suède (1950 tour final) Ademir
14%
Yougoslavie - Zaïre 9-0 (1974 premier tour) Dusan Bajevic
14%
Argentine - Mexique 6-3 (1930 premier tour) Guillermo Stabile
14%
RFA - Turquie 7-2 (1954 premier tour) Max Morlock
14%
Tchécoslovaquie - Allemagne (1934 demi-finale) Oldřich Nejedlý
14%
Uruguay - Bolivie 8-0 (1950 premier tour) Oscar Miguez
14%
Tchécoslovaquie - Costa Rica 4-1 (1990 huitième de finale) Tomas Skuhravy
14%
Pologne - Haïti 7-0 (1974 premier tour) Andrej Szarmach
7%
Uruguay - Ecosse 7-0 (1954 premier tour) Carlos Borges
7%
Allemagne - Belgique 5-2 (1934 huitième de finale) Edmund Conen
7%
Chili - Etats-Unis 5-2 (1950 premier tour) Atilio Cremaschi
0%
Espagne - Corée du Sud 3-1 (1990 premier tour) Michel
0%
Uruguay - Yougoslavie 6-1 (1930 demi-finale) Pedro Cea
0%
Aucun quiz correspondant
Distribution des résultats
% des personnes avec chaque résultat
Percentile par nombre de réponses
Votre historique - résultats
Vous n’avez pas pris ce quiz